000 00733nam a2200229 a 4500
001 000003375
005 20240412074201.0
008 090706s2009 dr r 000 0 spa d
020 _z9789945161793
040 _aDO-SdBNP
_bspa
_cBNPHU
082 _aRD861.44
_bC965p, 2009
100 1 _aCuevas, Julio,
_c1955-
_99459
245 1 0 _aPoemas de tierra adentro :
_bpoemas /
_cJulio Cuevas.
250 _a3a ed.
260 _aSanto Domingo :
_bDragón,
_c2009.
300 _a82 p. ;
_c20 cm.
590 _aInventariado, 2020/YL
500 _aIncluye datos biográficos del autor en la solapa de la cubierta
650 0 _aPoesía dominicana
_966
650 0 _aLiteratura dominicana.
_967
910 _aValidado. Control de calidad. MMOLINA
999 _c3205
_d3205